000 00360nam a2200133Ia 4500
003 OSt
005 20230926155119.0
008 230125s9999 xx 000 0 und d
082 _a303.66
_bSARP
100 _aSARASWATI, Chidanand
245 0 _aPeace: for ourselves our families our communities and our world
260 _bUttarakhand: 2008
_c2008
942 _cBK
_2ddc
999 _c315
_d315